The study of post-World War II educational reform in Malaysia with special reference to education provision in rural areas /
Saved in:
| Main Author: | |
|---|---|
| Format: | Thesis Book |
| Language: | English |
| Published: |
1979.
|
| Subjects: | |
| Tags: |
Add Tag
No Tags, Be the first to tag this record!
|
| LEADER | 00870cam a2200253 4500 | ||
|---|---|---|---|
| 001 | u34632 | ||
| 003 | SIRSI | ||
| 008 | 841015s1979 uk v 00 1 eng m | ||
| 035 | |a AAD-7291 | ||
| 040 | |a UMM | ||
| 043 | |a a-my--- | ||
| 090 | |a LA1235 |b Zaii | ||
| 100 | 0 | 0 | |a Zainal Ibrahim. |
| 245 | 1 | 4 | |a The study of post-World War II educational reform in Malaysia with special reference to education provision in rural areas / |c by Zainal bin Ibrahim. |
| 260 | |c 1979. | ||
| 300 | |a 114 leaves : |b maps ; |c ;30 cm. | ||
| 500 | |a Photocopy. | ||
| 502 | |a Dissertation (M.A.) -- University of Hull, 1979. | ||
| 504 | |a Bibliography: leaves 107-114. | ||
| 650 | 0 | |a Education |z Malaysia. | |
| 650 | 0 | |a Education, Rural |z Malaysia. | |
| 948 | |a 16/03/1991 |b 14/08/2002 | ||
| 596 | |a 1 | ||
| 999 | |a LA1235 ZAII |w LC |c 1 |i A002615683 |d 13/8/2012 |e 13/8/2012 |l STACKS |m P01UTAMA |n 4 |r Y |s Y |t TESIS |u 22/1/1992 | ||
